Die Quellen von 1261 bis 1452

Titel: Die Quellen von 1261 bis 1452 / Friedrich Ebel
Beteiligt:
Ausgabe: Reprint 2016
Veröffentlicht: Köln : Böhlau Verlag, [2016]
Umfang: 1 Online-Ressource (757p.)
Format: E-Book
Sprache: Deutsch
Schriftenreihe/
mehrbändiges Werk:
Mitteldeutsche Forschungen ; 89/II,1
ISBN: 9783412326166 ; 9783412128883
Buchumschlag
X
alg: 39947030
001A    $06055:07-02-17 
001B    $01999:30-09-22 $t18:58:42.000 
001D    $06055:07-02-17 
001U    $0utf8 
001X    $00 
002@    $0Oax 
002C    $aText $btxt $2rdacontent 
002D    $aComputermedien $bc $2rdamedia 
002E    $aOnline-Ressource $bcr $2rdacarrier 
003@    $0399470301 
003O    $0979752869 $aOCoLC 
004A    $A978-3-412-32616-6 
004O    $A978-3-412-12888-3 $Sp 
004P    $010.7788/9783412326166 
007A    $0399470301 $aHEB 
007I    $0Vand-9783412326166 
007I    $0Vand-10.7788/9783412326166 
009Q    $uhttps://doi.org/10.7788/9783412326166 $xR 
010@    $ager 
010E    $erda 
011@    $a2016 $n[2016] 
017B    $aZDB-117-VRE 
021A    $aDie @Quellen von 1261 bis 1452 $hFriedrich Ebel 
028C    $#Ebel, Friedrich Wilhelm $D20220215 $Ecgwrk $7120236893 $8Ebel, Friedrich$Z1944-2005 [Tp1] $9151872325 
032@    $aReprint 2016 
033A    $pKöln $nBöhlau Verlag 
033E    $pGöttingen $nVandenhoeck & Ruprecht GmbH & Co.KG 
034D    $a1 Online-Ressource (757p.) 
036E    $aMitteldeutsche Forschungen $l89/II,1 
037A    $aDescription based on online resource; title from PDF title page (publisher's Web site, viewed Dec. 14, 2016) 
044A    $aBreslau $N650 
044A    $aMagdeburger Stadtrecht $N650 
047A    $aProviderwechsel von De Gruyter zu Vandenhoeck & Ruprecht 

lok: 39947030 3

exp: 39947030 3 1 #EPN
201B/01 $008-01-26 $t10:49:06.000 
201C/01 $005-12-24 
201U/01 $0utf8 
203@/01 $01285700155 
208@/01 $a05-12-24 $boAa 
209A/01 $a/ $f900 $x00 
209B/01 $a502b $x05 
209B/01 $a553 $x06 
209S/01 $uhttps://doi.org/10.7788/9783412326166 $XR 
209S/01 $3x $uhttps://www.ub.uni-frankfurt.de/online/ebook_readme.html#vandenhoeck $XXR 
220C/01 $aVandenhoeck & Ruprecht EBS 
237A/01 $aE-Book nicht dauerhaft im Bestand. Zugang entfällt am 31.12.2026 
247C/01 $8601900-6 <30/900>Frankfurt, Universität Frankfurt, Elektronische Ressourcen $9210502010 

lok: 39947030 23

exp: 39947030 23 1 #EPN
201B/01 $001-04-26 $t15:58:44.000 
201C/01 $029-03-21 
201U/01 $0utf8 
203@/01 $01147650659 
204P/01 $010.7788/9783412326166 
208@/01 $a29-03-21 $bo 
209B/01 $aEBSvr $x05 
220C/01 $aE-Book nicht dauerhaft im Bestand. Zugang entfällt am: 31.03.2027 

lok: 39947030 78

exp: 39947030 78 1 #EPN
201B/01 $018-09-19 $t16:41:07.000 
201C/01 $018-09-19 
201U/01 $0utf8 
203@/01 $01060174006 
208@/01 $a18-09-19 $be 
209A/01 $a/ $f000 $x00 
209A/01 $ab*p $x01 
220C/01 $apgar 
244Z/01 $#Generalgouvernement Polen $#Polska $#Rzeczpospolita Polska $#Polska Rzeczpospolita Ludowa $#Poland $#Pologne $#République Polonaise $#Generalne Gubernatorstwo w Polsce $#Polish People's Republic $#Polska Rzeczpospolita Polen $#PRL $#RP $#Polen Generalgouvernement $#Polska Generalgouvernement $#Besetzte Polnische Gebiete $#Besetztes Gebiet in Polen $#Okupowane Polskie Obszary $#Obszary Okupowane w Polsce $#Volksrepublik Polen $#Polska Rosyjska $#Republic Polen $#Respublika Pol'ša $#Pol'skaja Narodnaja Respublika $#République de Pologne $#Polen Links der Weichsel $#Polska po Lewej Stronie Wisły $#Lenkija $#Polija $#Gubernija Carstva Pol'skago $#Republik Polen $74046496-9 $8--Tg1--Polen $x01 $9085129801 
244Z/01 $#Schlesien $#Schlesien $#Herzogtum Schlesien $#Herzogtum Schlesien Schlesien $#Provinz Schlesien $#Śla̜sk $#Slezsko $#Silesia $74052678-1 $8--Tg1--Schlesien $x02 $9085146781 
247C/01 $82080>Marburg/Lahn, Herder-Institut, Forschungsbibliothek, Bibliographieportal $9336309341 

lok: 39947030 204

exp: 39947030 204 1 #EPN
201B/01 $007-01-26 $t13:56:43.000 
201C/01 $002-12-19 
201U/01 $0utf8 
203@/01 $0107144672X 
204P/01 $010.7788/9783412326166 
208@/01 $a02-12-19 $bo994 
209B/01 $aEBAvr $x05 
220C/01 $aE-Book nicht dauerhaft im Bestand. 
237A/01 $aOnline-Zugang nur im Netz der Universität Gießen.
LEADER 00000cam a22000002c 4500
001 399470301
003 DE-603
005 20220930185842.0
007 cr||||||||||||
008 170207s2016 xx |||| o| u00||u|ger c
020 |a 9783412326166 
024 7 |a 10.7788/9783412326166  |2 doi 
035 |a (DE-599)HEB399470301 
035 |a (OCoLC)979752869 
040 |a DE-603  |b ger  |c DE-603  |d DE-603  |e rda 
041 |a ger 
245 0 0 |a ˜Dieœ Quellen von 1261 bis 1452  |c Friedrich Ebel 
250 |a Reprint 2016 
264 1 |a Köln  |b Böhlau Verlag  |c [2016] 
264 2 |a Göttingen  |b Vandenhoeck & Ruprecht GmbH & Co.KG 
300 |a 1 Online-Ressource (757p.) 
336 |a Text  |b txt  |2 rdacontent 
337 |a Computermedien  |b c  |2 rdamedia 
338 |a Online-Ressource  |b cr  |2 rdacarrier 
490 0 |a Mitteldeutsche Forschungen  |v 89/II,1 
500 |a Description based on online resource; title from PDF title page (publisher's Web site, viewed Dec. 14, 2016) 
700 1 |a Ebel, Friedrich  |d 1944-2005  |0 (DE-603)151872325  |0 (DE-588)120236893  |2 gnd 
776 1 |z 9783412128883 
856 |u https://doi.org/10.7788/9783412326166  |x Resolving-System 
912 |a ZDB-117-VRE 
924 1 |9 30/900  |a (DE-603)1285700155  |b DE-30-900  |c HES  |d d  |g /  |k https://doi.org/10.7788/9783412326166  |k https://www.ub.uni-frankfurt.de/online/ebook_readme.html#vandenhoeck 
924 1 |9 603  |a (DE-603)1147650659  |b DE-603  |c HES  |d d 
924 1 |9 2080  |a (DE-603)1060174006  |b DE-2080  |c HES  |d d  |g / 
924 1 |9 603  |a (DE-603)107144672X  |b DE-603  |c HES  |d d